Obras de don Luis de Gongora (Record no. 154507)
[ view plain ]
| 000 -LEADER | |
|---|---|
| campo de control de longitud fija | 01065nam a2200253 i 4500 |
| 001 - NÚMERO DE CONTROL | |
| campo de control | 154507 |
| 003 - IDENTIFICADOR DE NÚMERO DE CONTROL | |
| campo de control | ES-MaACL |
| 005 - FECHA Y HORA DE LA ÚLTIMA TRANSACCIÓN | |
| campo de control | 20230906205746.0 |
| 008 - DATOS DE LONGITUD FIJA--INFORMACIÓN GENERAL | |
| campo de control de longitud fija | 000529s1645 sp a |||| | spa d |
| 040 ## - FUENTE DE CATALOGACIÓN | |
| Centro catalogador/agencia de origen | EUS |
| Lengua de catalogación | spa |
| Centro/agencia transcriptor | EUS |
| 100 1# - ENTRADA PRINCIPAL--NOMBRE DE PERSONA | |
| Nombre de persona | Góngora y Argote, Luis de. |
| 9 (RLIN) | 58246 |
| 245 10 - MENCIÓN DEL TÍTULO | |
| Título | Obras de don Luis de Gongora |
| Resto del título | : comentada ... / |
| Mención de responsabilidad, etc. | por don Garcia de Salcedo Coronel ... ; tomo segundo ; primera parte. |
| 260 ## - PUBLICACIÓN, DISTRIBUCIÓN, ETC. | |
| Lugar de publicación, distribución, etc. | [Madrid] : |
| Nombre del editor, distribuidor, etc. | a costa de Pedro Laso ... : |
| -- | en Madrid por Diego Diaz de la Carrera, |
| Fecha de publicación, distribución, etc. | [1645?] |
| 300 ## - DESCRIPCIÓN FÍSICA | |
| Extensión | [20], 784 [i.e. 754], [18] p. : |
| Otras características físicas | il. ; |
| Dimensiones | 4º. |
| 594 ## - Nota al título y mención de responsabilidad | |
| Nota al título y mención de responsabilidad | Segunda mención de parte de antep. |
| 596 ## - NOTA AL PIE DE IMPRENTA | |
| NOTA AL PIE DE IMPRENTA | Fecha de la tasa 1645 (enero) |
| 597 #1 - NOTA DE DESCRIPCIÓN FÍSICA | |
| NOTA DE DESCRIPCIÓN FÍSICA | Sign.: [ ]2, 3*8, A-Z8, Aa-Zz8, Aa-Bb8, Cc2. |
| 597 ## - NOTA DE DESCRIPCIÓN FÍSICA | |
| NOTA DE DESCRIPCIÓN FÍSICA | Errores de pag., de p. 635 pasa a 666. |
| 597 ## - NOTA DE DESCRIPCIÓN FÍSICA | |
| NOTA DE DESCRIPCIÓN FÍSICA | Antep. |
| 599 #1 - NOTA A LAS ILUSTRACIONES | |
| NOTA A LAS ILUSTRACIONES | Portada calcográfica: "Fran.co Nauarro Ft." |
| 700 1# - ENTRADA AGREGADA--NOMBRE PERSONAL | |
| Nombre de persona | Salcedo Coronel, García de. |
| 9 (RLIN) | 132328 |
| 700 1# - ENTRADA AGREGADA--NOMBRE PERSONAL | |
| Nombre de persona | Laso, Pedro. |
| 9 (RLIN) | 128723 |
| 852 ## - LOCALIZACIÓN | |
| Ubicación | ES-MaACL |
| Número de control de estantería | R-1453-54 |
| Nota libre | -- Enc. pasta española |
| condición física | -- Falto de antep. |
| Encuadernación | Olim: G-13687-88 |
| Estatus retirado | Estado de pérdida | Estado de daño | No para préstamo | Colección | Biblioteca de origen | Biblioteca actual | Ubicación en estantería | Fecha de adquisición | Total de préstamos | Signatura topográfica completa | Código de barras | Visto por última vez | Precio de reemplazo | Tipo de ítem Koha |
|---|---|---|---|---|---|---|---|---|---|---|---|---|---|---|
| Libros del s. XVII | Biblioteca del Ateneo de Madrid | Biblioteca del Ateneo de Madrid | Depósito | 17/01/2008 | R-1453-54 | 1161587 | 23/02/2023 | 23/02/2023 | Libro impreso antiguo |
